<?xml version="1.0" encoding="UTF-8"?>
<marc:record xmlns:marc="http://www.loc.gov/MARC21/slim">
   <marc:leader>00000nam a2200000 a 4500</marc:leader>
   <marc:datafield ind1="1" ind2=" " tag="100">
      <marc:subfield code="a">Ehgartner, Reinhard</marc:subfield>
      <marc:subfield code="4">aut</marc:subfield>
      <marc:subfield code="e">Verfasser/-in</marc:subfield>
   </marc:datafield>
   <marc:datafield ind1="0" ind2="0" tag="245">
      <marc:subfield code="a">Dr. Maus kommt heut ins Haus</marc:subfield>
   </marc:datafield>
   <marc:datafield ind1="0" ind2="0" tag="245">
      <marc:subfield code="c">Ehgartner, Reinhard</marc:subfield>
   </marc:datafield>
   <marc:datafield ind1=" " ind2="1" tag="264">
      <marc:subfield code="a">Innsbruck-Wien</marc:subfield>
      <marc:subfield code="b">Tyrolia-Verlag</marc:subfield>
      <marc:subfield code="c">2021</marc:subfield>
   </marc:datafield>
   <marc:datafield ind1="1" ind2=" " tag="520">
      <marc:subfield code="a">Quelle: STUBE (http://www.stube.at/); &#xD;
Seitenweise 2021&#xD;
Bücher können helfen und heilen. Dieses gerade in Pandemie-Zeiten aktuelle Motto steht im Mittelpunkt der Aktivitäten rund um 10 Jahre Buchstart Österreich, zu denen neben Lese-Rezepten für die praktische Umsetzung in der Bibliothek auch dieses Bilderbuch gehört. Maskottchen Mio Maus ist diesmal medizinisch tätig: Zu den in leichtfüßigen Reimen beschriebenen Problemen  von Fußweh über den von zu viel&#xD;
Erdbeerknödeln beleidigten Bauch bis hin zum Fernweh  wird jeweils eine anregende literarische Lösung offeriert. Auch in den Illustrationen sind neben allerlei tierischen und menschlichen Akteur*innen Bücher ein zentrales Element. So bleibt festzuhalten: Pillen, Spritzen, Tropfen, Zäpfchen / helfen rasch im Augenblick, doch auf lange Zeit betrachtet / hilft am besten Leseglück.&#xD;
*STUBE*</marc:subfield>
   </marc:datafield>
   <marc:datafield ind1=" " ind2=" " tag="020">
      <marc:subfield code="a">9783702239558</marc:subfield>
      <marc:subfield code="9">9783702239558</marc:subfield>
   </marc:datafield>
   <marc:datafield ind1=" " ind2=" " tag="020">
      <marc:subfield code="a">3702239553</marc:subfield>
      <marc:subfield code="9">3702239553</marc:subfield>
   </marc:datafield>
   <marc:datafield ind1=" " ind2=" " tag="041">
      <marc:subfield code="a">ger</marc:subfield>
   </marc:datafield>
   <marc:datafield ind1=" " ind2=" " tag="300">
      <marc:subfield code="b">überw. Ill. (farb.)</marc:subfield>
   </marc:datafield>
   <marc:datafield ind1=" " ind2=" " tag="338">
      <marc:subfield code="a">Band</marc:subfield>
   </marc:datafield>
   <marc:datafield ind1=" " ind2=" " tag="300">
      <marc:subfield code="a">[28] S.</marc:subfield>
   </marc:datafield>
</marc:record>
